000 00257nam a22001097a 4500
082 _a621 WAL
100 _aEALKER,J.D
_957252
245 _aNATIONAL CERTIFICATE MECHANICAL ENGINEERING SCIENCE
260 _aLONDON
_bPDF
_c1965
300 _a395P
942 _cBK
999 _c567545
_d567545